000 00519nam a2200181Ia 4500
999 _c1682
_d1682
003 OSt
005 20201001154727.0
008 190216s9999||||xx |||||||||||||| ||und||
020 _a9788120330658
040 _coclc
082 _a363.7
_bWRI/E
100 _aWright, Richard T
_95280
245 0 _aEnvironmental Science /
_cRichard T Wright
260 _bPrentice Hall Of India Pvt Ltd,
_aNew Delhi:
_c2007.
300 _a712p
650 _aBotany
942 _cBK
_2ddc
_iWRI/E
_k363.7
_mWRI/E
_h363.7